Návrh ďalšieho rozvoja informačných systémov v Slovenských elektrárňach, a.s., závod Vojany na úseku účtovníctva diplomová práca

Salvato in:
Dettagli Bibliografici
Autore principale: Dančo, Štefan
Ente Autore: Podnikovohospodárska fakulta EU so sídlom v Košiciach. Katedra manažmentu
Altri autori: Čarnický, Štefan
Natura: Libro
Lingua:slovacco
Pubblicazione: Košice 2008
Tags: Aggiungi Tag
Nessun Tag, puoi essere il primo ad aggiungerne!!

MARC

LEADER 00000nam$a2200000$$$4500
001 0080004
005 20240201115747.7
041 0 |a slo 
044 |a SK 
245 1 0 |a Návrh ďalšieho rozvoja informačných systémov v Slovenských elektrárňach, a.s., závod Vojany na úseku účtovníctva  |b diplomová práca  |c Štefan Dančo ; škol. Štefan Čarnický 
264 1 |a Košice  |c 2008 
300 |a 60 s. 
100 1 |a Dančo, Štefan 
700 1 |a Čarnický, Štefan 
710 2 |a Podnikovohospodárska fakulta EU so sídlom v Košiciach. Katedra manažmentu